00540 a2200193 4500001000700000003000400007005001700011008004100028082001400069100002500083245007900108260003800187300001100225546001200236650001700248653003800265700002400303700001900327139306OSt20251205104502.0  a572bR33B1 aGarrett, Reginald H.1 aBiochemistrycby Reginald H. Garrett, Charles M. Grisham and Ivano Bertini aAustraliabCengage Learningc2010 a1059p. aenglish aBiochemistry aChemical bonds; Molecular biology aGrisham, Charles M. aBertini, Ivano